| 000 | 00543nam a2200205Ia 4500 | ||
|---|---|---|---|
| 003 | GCL | ||
| 008 | 140319s9999 xx 000 0 eng d | ||
| 040 |
_aGCL / _cGCL |
||
| 082 | 0 | 4 |
_a741.69 _bS P |
| 100 | 1 | _aSONSINO, STEVEN | |
| 245 | 1 | 0 |
_aPACKAGING DESIGN: GRAPHICS MATERIALS TECHNOLOGY / _cSONSINO, STEVEN |
| 260 |
_a[S.N] : _bTHAMES AND HUDSON ، _c1990 |
||
| 300 | _a176 | ||
| 650 | 0 | 4 | _aPACKAGING |
| 650 | 0 | 4 | _aCOMMERCIAL ART |
| 650 | 0 | 4 | _aLABELS DESIGN |
| 650 | 0 | 4 | _aGRAPHIC - DESIGN |
| 650 | 0 | 4 | _aGRAPHIC ARTS |
| 942 |
_2ddc _cBK |
||
| 999 |
_c25254 _d25254 |
||